Normal view
MARC view
Entry Personal Name
001 - CONTROL NUMBER
- control field: 34730
003 - CONTROL NUMBER IDENTIFIER
- control field: dpl
005 - DATE AND TIME OF LATEST TRANSACTION
- control field: 20110914110359.0
008 - FIXED-LENGTH DATA ELEMENTS
- fixed length control field: 110914|||a|||||| | ||| d
040 ## - CATALOGING SOURCE
- Original cataloging agency: dpl
- Transcribing agency: dpl
100 ## - HEADING--PERSONAL NAME
- Personal name: Agarwal, Prem Kumar
670 ## - SOURCE DATA FOUND
- Source citation: Work cat.: (dpl): Agarwal, Prem Kumar, Intellectual property rights of farmers /, 2011
670 ## - SOURCE DATA FOUND
- Source citation: Work cat.: (dpl): Agarwal, Prem Kumar, Intellectual property rights of farmers /, 2011
